Countries Containing ''AT'' - Statistics

General Stats
  • This quiz has been taken 186 times
    147 since last reset
  • The average score is 6 of 13
Answer Stats
Country % Correct
Latvia
82%
United States
65%
United Arab Emirates
60%
Guatemala
58%
Vatican City
55%
Croatia
50%
Vanuatu
48%
Democratic Republic of the Congo
46%
Qatar
41%
Equatorial Guinea
38%
Federated States of Micronesia
33%
Kiribati
30%
Eswatini
22%
No matching quizzes found
Score Distribution
Percent of People with Each Score
Percentile by Number Answered
Your Score History
You have not taken this quiz since the last reset